000
00219nam a2200097Ia 4500
008
240331s9999 xx 000 0 und d
082
_b
HUM
100
_a
UNHCR. ed
245
0
_a
Human right :
_b
the new consensus
942
_c
L
999
_c
2510
_d
2510